000 00426nam a22001577a 4500
999 _c63935
_d63935
005 20190603132538.0
020 _a8176487848
_c595.00
035 _aB-158587
035 _aB-158588
037 _aDPL
_bENG
100 _aMahmud, Jafar
245 _aChild Psychology /
_cby Jafar Mahmud
260 _aNew Delhi
_bA P H Publishing Corporation
_c2004
300 _a254p.
_c18 cms.
942 _2ddc
_cEN
_h155.4
_mJAF